Poorly Drawn Mario Characters - Statistics

General Stats
  • This quiz has been taken 43 times
  • The average score is 12 of 16
Answer Stats
Picture Answer % Correct
Luigi
97%
Bowser
93%
Mario
93%
Toad
93%
Peach
90%
Shy Guy
90%
Yoshi
90%
Bullet Bill
86%
Goomba
86%
Koopa Troopa
83%
Piranha Plant
76%
Chain Chomp
69%
Kamek
66%
Bob-Omb
45%
Koopa Paratroopa
38%
Lava Bubble
38%
No matching quizzes found
Score Distribution
Percent of People with Each Score
Percentile by Number Answered
Your Score History
You have not taken this quiz